[Event "Berlin-ch"]
[Site "Berlin"]
[Date "2009.04.19"]
[Round "9"]
[White "Vandre, Wolfgang"]
[Black "Haemmerlein, Thomas"]
[Result "0-1"]
[WhiteElo "2182"]
[BlackElo "2172"]
[PlyCount "52"]
[EventDate "2009.04.11"]
[EventType "swiss"]
[EventRounds "9"]
[EventCountry "GER"]
[SourceTitle "CBM 129 Extra"]
[Source "ChessBase"]
[SourceDate "2009.05.05"]
[SourceVersion "2"]
[SourceVersionDate "2009.05.20"]
[SourceQuality "1"]

1. d4 Nf6 2. c4 d5 3. cxd5 Nxd5 4. e4 Nb6 5. Nc3 g6 6. a4 Bg7 7. a5 N6d7 8. Nf3 0-0 9. Bc4 a6 10. Bf4 b5 11. Bb3 Bb7 12. 0-0 c5 13. Nd5 Nc6 14. Bc7 Qe8 15. dxc5 Nxc5 16. Nb6 Nxe4 17. Nxa8 Qxa8 18. Bd5 Nf6 19. Ba2 Rc8 20. Bb6 Nb4 21. Bb3 Nbd5 22. Rc1 Re8 23. Re1 Nf4 24. Ne5 e6 25. f3 N6d5 26. Re4 Nxb6 0-1

[Event "Berlin-ch"]
[Site "Berlin"]
[Date "2009.04.16"]
[Round "6"]
[White "Haemmerlein, Thomas"]
[Black "Hoppe, Frank"]
[Result "1-0"]
[WhiteElo "2172"]
[BlackElo "2076"]
[PlyCount "95"]
[EventDate "2009.04.11"]
[EventType "swiss"]
[EventRounds "9"]
[EventCountry "GER"]
[SourceTitle "CBM 129 Extra"]
[Source "ChessBase"]
[SourceDate "2009.05.05"]
[SourceVersion "2"]
[SourceVersionDate "2009.05.20"]
[SourceQuality "1"]

1. d4 Nf6 2. Nf3 g6 3. Bg5 Bg7 4. Nbd2 0-0 5. e4 d6 6. Bd3 Nbd7 7. h3 c5 8. c3 a6 9. 0-0 Qc7 10. b4 b5 11. bxc5 dxc5 12. Rc1 c4 13. Bb1 Bb7 14. Bh4 Bh6 15. Bg3 Qb6 16. Re1 e6 17. Nh2 Rac8 18. e5 Nd5 19. Ng4 Bg7 20. Ne4 h5 21. Nh2 Qc6 22. Nf3 Bh6 23. Nd6 Rb8 24. Qc2 Ne7 25. Rcd1 Nb6 26. Qb2 Nbd5 27. Be4 Ba8 28. Bh4 Qc7 29. Bg5 Bg7 30. Qd2 Nf5 31. Bxf5 exf5 32. Bh6 Qc6 33. Bxg7 Kxg7 34. Qg5 Kh7 35. Nh4 Nxc3 36. d5 Nxd5 37. Nhxf5 gxf5 38. Qxh5+ Kg8 39. Qg5+ Kh8 40. f3 Qb6+ 41. Kh1 Rbd8 42. Rd4 f4 43. Ree4 Rxd6 44. exd6 Qxd6 45. Rxf4 Qxf4 46. Rxf4 Nxf4 47. Qxf4 f6 48. Qd6 1-0

[Event "Berlin Lichtenrade op 04th"]
[Site "Berlin"]
[Date "2008.10.26"]
[Round "9"]
[White "Haemmerlein, Thomas"]
[Black "Poseck, Steffen"]
[Result "1/2-1/2"]
[WhiteElo "2179"]
[BlackElo "2092"]
[PlyCount "83"]
[EventDate "2008.10.18"]
[EventType "swiss"]
[EventRounds "9"]
[EventCountry "GER"]
[SourceTitle "CBM 126 Extra"]
[Source "ChessBase"]
[SourceDate "2008.11.05"]
[SourceVersion "1"]
[SourceVersionDate "2008.11.05"]
[SourceQuality "1"]

1. g3 Nf6 2. f4 c5 3. Nf3 Nc6 4. Bg2 g6 5. d3 d6 6. 0-0 Bg7 7. c3 0-0 8. Qe1 Rb8 9. e4 b5 10. Nbd2 Ba6 11. Ng5 Qc7 12. Ndf3 h6 13. Nh3 Ng4 14. Nf2 Nxf2 15. Rxf2 b4 16. c4 Nd4 17. Be3 Bc8 18. Bxd4 Bxd4 19. Nxd4 cxd4 20. f5 g5 21. f6 e5 22. Qe2 g4 23. h3 gxh3 24. Qh5 Kh7 25. Bxh3 Bxh3 26. Rh2 Rg8 27. Rxh3 Rg6 28. Rf1 Rbg8 29. Kg2 Qc8 30. Rf5 Qd8 31. Qf3 Rg5 32. Rh1 R8g6 33. Rxg5 Rxg5 34. b3 Qc8 35. Rf1 Rg6 36. Rf2 Qe6 37. Kh2 Qc8 38. Kg2 Qe6 39. Kh2 Qc8 40. Rg2 Qe6 41. Rf2 Kg8 42. Kg2 1/2-1/2

[Event "Berlin-ch"]
[Site "Berlin"]
[Date "2008.03.30"]
[Round "9"]
[White "Haemmerlein, Thomas"]
[Black "Sondermann, Johannes"]
[Result "1/2-1/2"]
[WhiteElo "2169"]
[BlackElo "2171"]
[PlyCount "130"]
[EventDate "2008.03.22"]
[EventType "swiss"]
[EventRounds "9"]
[EventCountry "GER"]
[SourceTitle "CBM 123 Extra"]
[Source "ChessBase"]
[SourceDate "2008.05.06"]
[SourceVersion "1"]
[SourceVersionDate "2008.05.06"]
[SourceQuality "1"]

1. e4 c5 2. Nf3 g6 3. c3 Bg7 4. Bc4 e6 5. Na3 d5 6. exd5 exd5 7. Bb5+ Nc6 8. 0-0 Nge7 9. d4 cxd4 10. Nxd4 a6 11. Bxc6+ bxc6 12. Bg5 f6 13. Bf4 Kf7 14. c4 f5 15. c5 Bd7 16. Qd2 Ng8 17. Nf3 Nf6 18. Be5 Re8 19. Qd4 h6 20. Rfe1 g5 21. Qd3 Ne4 22. Bxg7 Kxg7 23. Nc2 Qf6 24. b4 Qc3 25. Qxc3+ Nxc3 26. Ne5 Re7 27. Nxd7 Rxd7 28. Nd4 a5 29. a3 axb4 30. axb4 Rxa1 31. Rxa1 Kf6 32. f3 Nb5 33. Nxc6 d4 34. Ra2 Ke6 35. Re2+ Kd5 36. Ne7+ Kc4 37. c6 Rc7 38. Re5 Nc3 39. b5 Nxb5 40. Nxf5 Rxc6 41. Rxb5 d3 42. Kf2 Re6 43. Rb7 Re2+ 44. Kf1 Re5 45. Rc7+ Kb4 46. Nxh6 d2 47. Rd7 Re1+ 48. Kf2 d1Q 49. Rxd1 Rxd1 50. Nf7 Rd5 51. Kg3 Kc5 52. h3 Rf5 53. Nh8 Rf8 54. Ng6 Rf6 55. Ne5 Kd5 56. Nd3 Ke6 57. Kg4 Rf5 58. g3 Kf6 59. Nf2 Kg6 60. Ne4 Re5 61. h4 gxh4 62. Kxh4 Kf5 63. Nd6+ Ke6 64. Ne4 Kf5 65. Nd6+ Ke6 1/2-1/2

[Event "Berlin Unicorn op"]
[Site "Berlin"]
[Date "2007.05.20"]
[Round "7"]
[White "Haemmerlein, Thomas"]
[Black "Bachran, Boris"]
[Result "0-1"]
[WhiteElo "2204"]
[BlackElo "1880"]
[PlyCount "89"]
[EventDate "2007.05.16"]
[EventType "swiss"]
[EventRounds "7"]
[EventCountry "GER"]
[SourceTitle "CBM 118 Extra"]
[Source "ChessBase"]
[SourceDate "2007.07.04"]
[SourceVersion "1"]
[SourceVersionDate "2007.07.04"]
[SourceQuality "1"]

1. e4 c6 2. d4 d5 3. f3 e6 4. Bf4 Bd6 5. e5 Be7 6. Be3 Qb6 7. Nd2 Qxb2 8. Nb3 Bb4+ 9. Kf2 Qa3 10. Bd3 Bc3 11. Rb1 Qxa2 12. Ne2 Bb2 13. Qd2 Qa3 14. Qd1 Bxd4 15. Bxd4 Qe7 16. Bc5 Qh4+ 17. g3 Qh5 18. h4 f5 19. Nf4 Qf7 20. h5 h6 21. Bd6 Ne7 22. Nd4 Bd7 23. Qe2 b5 24. Bxb5 cxb5 25. Nxb5 Bxb5 26. Qxb5+ Nec6 27. Bxb8 0-0 28. Bd6 Rfc8 29. Qa6 Nd8 30. Rbc1 Rc6 31. Qa4 a5 32. c4 Rxc4 33. Rxc4 dxc4 34. Qxc4 Qa7+ 35. Kg2 a4 36. Ra1 Qd7 37. Ra2 Kf7 38. Nd3 Nb7 39. Qc7 Qxc7 40. Bxc7 Rc8 41. Bd6 Rc3 42. Nb4 a3 43. Nc2 Nxd6 44. exd6 Rd3 45. Nxa3 0-1

[Event "Berlin Unicorn op"]
[Site "Berlin"]
[Date "2007.05.19"]
[Round "6"]
[White "Dauth, Benjamin"]
[Black "Haemmerlein, Thomas"]
[Result "1-0"]
[WhiteElo "2337"]
[BlackElo "2204"]
[PlyCount "79"]
[EventDate "2007.05.16"]
[EventType "swiss"]
[EventRounds "7"]
[EventCountry "GER"]
[SourceTitle "CBM 118 Extra"]
[Source "ChessBase"]
[SourceDate "2007.07.04"]
[SourceVersion "1"]
[SourceVersionDate "2007.07.04"]
[SourceQuality "1"]

1. e4 c5 2. c3 Nf6 3. e5 Nd5 4. d4 cxd4 5. cxd4 d6 6. f4 g6 7. Nc3 Nxc3 8. bxc3 Bg7 9. Bd3 0-0 10. Nf3 b6 11. 0-0 Bb7 12. e6 fxe6 13. Ng5 Rf6 14. Qg4 Qc8 15. Bd2 Nd7 16. Ne4 Rf5 17. Qh4 Rf7 18. Ng5 Bf6 19. Rae1 Bd5 20. Qg4 Bxg5 21. Qxg5 Nf8 22. Bb1 Qd7 23. h4 Rg7 24. Rf2 Qe8 25. Qg4 b5 26. Qe2 Rc8 27. Qd1 Nd7 28. Re3 Nf6 29. Qe2 a6 30. Rxe6 Bc4 31. Bd3 Bxd3 32. Qxd3 Qc6 33. f5 Qc4 34. Qh3 gxf5 35. Qxf5 Rf8 36. Bh6 Nd7 37. Rxe7 Rxf5 38. Rxg7+ Kf8 39. Rxf5+ Ke8 40. Bg5 1-0

[Event "Berlin Lichtenberger op 6th"]
[Site "Berlin"]
[Date "2007.??.??"]
[Round "?"]
[White "Haemmerlein, Thomas"]
[Black "Kinder, Jan"]
[Result "0-1"]
[WhiteElo "2204"]
[BlackElo "2055"]
[PlyCount "58"]
[EventDate "2007.08.18"]
[EventType "swiss"]
[EventRounds "9"]
[EventCountry "GER"]
[SourceTitle "CBM 120 Extra"]
[Source "ChessBase"]
[SourceDate "2007.11.01"]
[SourceVersion "1"]
[SourceVersionDate "2007.11.01"]
[SourceQuality "1"]

1. d4 Nf6 2. Nf3 g6 3. g3 Bg7 4. Bg2 0-0 5. Nbd2 d6 6. Nc4 c6 7. a4 Qc7 8. a5 Bf5 9. Nb6 Nbd7 10. Nxa8 Rxa8 11. Nh4 Be4 12. f3 Bd5 13. b3 e5 14. e4 Be6 15. f4 Bg4 16. Qd2 exd4 17. h3 Be6 18. g4 Nf8 19. Bb2 c5 20. 0-0 Bd7 21. g5 Nh5 22. c3 Ne6 23. Nf5 gxf5 24. exf5 dxc3 25. Bxc3 Bxc3 26. Qxc3 Nexf4 27. Rxf4 Nxf4 28. Bf1 Bxf5 29. Qf3 d5 0-1

[Event "Berlin Lichtenberger op 6th"]
[Site "Berlin"]
[Date "2007.??.??"]
[Round "?"]
[White "Keusch, Horst"]
[Black "Haemmerlein, Thomas"]
[Result "1/2-1/2"]
[WhiteElo "1882"]
[BlackElo "2204"]
[PlyCount "68"]
[EventDate "2007.08.18"]
[EventType "swiss"]
[EventRounds "9"]
[EventCountry "GER"]
[SourceTitle "CBM 120 Extra"]
[Source "ChessBase"]
[SourceDate "2007.11.01"]
[SourceVersion "1"]
[SourceVersionDate "2007.11.01"]
[SourceQuality "1"]

1. f4 g6 2. Nf3 d5 3. e3 Bg7 4. Be2 Nh6 5. 0-0 c6 6. d4 Nd7 7. c4 Nf6 8. Nc3 Nf5 9. Ne5 Nd6 10. cxd5 cxd5 11. Qa4+ Kf8 12. Qb3 Be6 13. Bd2 Nfe4 14. Nxe4 Nxe4 15. Be1 f6 16. Nd3 Rb8 17. Rc1 Qd7 18. Nc5 Nxc5 19. Rxc5 b6 20. Rc3 Rc8 21. Bb5 Qb7 22. Qa4 Rxc3 23. Bxc3 Kf7 24. Rc1 Rd8 25. Bc6 Bd7 26. Bxb7 Bxa4 27. Bb4 e6 28. b3 Be8 29. Ba6 Bf8 30. Bxf8 Kxf8 31. Rc7 Rd7 32. Rc8 Ke7 33. a4 Rd8 34. Rc7+ Rd7 1/2-1/2

[Event "Berlin op 09"]
[Site "Berlin"]
[Date "2006.10.08"]
[Round "9"]
[White "Haemmerlein, Thomas"]
[Black "Jaeger, Andre"]
[Result "1-0"]
[WhiteElo "2195"]
[BlackElo "2120"]
[PlyCount "93"]
[EventDate "2006.09.30"]
[EventType "swiss"]
[EventRounds "9"]
[EventCountry "GER"]
[SourceTitle "EXT 2007"]
[Source "ChessBase"]
[SourceDate "2006.11.23"]
[SourceVersion "1"]
[SourceVersionDate "2006.11.23"]
[SourceQuality "1"]

1. g3 g6 2. Bg2 Bg7 3. f4 c5 4. d3 Nc6 5. Nc3 e6 6. Ne4 d5 7. Nf2 Nge7 8. c3 Rb8 9. Nf3 0-0 10. 0-0 d4 11. Qe1 Nd5 12. Bd2 e5 13. fxe5 Nxe5 14. Nxe5 Bxe5 15. Ne4 b6 16. Bg5 f6 17. c4 Ne3 18. Bxe3 dxe3 19. Rb1 Bb7 20. Nc3 Bxg2 21. Kxg2 Bxc3 22. Qxc3 Qd6 23. Rf4 f5 24. Rbf1 Rbe8 25. a3 Qd7 26. h4 Re7 27. b4 h6 28. Rh1 Rg7 29. Rd1 g5 30. hxg5 hxg5 31. Rf3 Qb7 32. Kg1 g4 33. Rxe3 Rh7 34. Kf2 f4 35. gxf4 Rxf4+ 36. Ke1 Rh1+ 37. Kd2 Rxd1+ 38. Kxd1 Rf1+ 39. Kd2 Qh1 40. Re8+ Kf7 41. Qh8 Rd1+ 42. Ke3 Qg1+ 43. Kf4 Rf1+ 44. Kg5 Rf5+ 45. Kxf5 Qf1+ 46. Kg5 Qc1+ 47. e3 1-0

[Event "Berlin op 09"]
[Site "Berlin"]
[Date "2006.10.06"]
[Round "7"]
[White "Haemmerlein, Thomas"]
[Black "Koenig, Frank"]
[Result "1-0"]
[WhiteElo "2195"]
[BlackElo "2042"]
[PlyCount "91"]
[EventDate "2006.09.30"]
[EventType "swiss"]
[EventRounds "9"]
[EventCountry "GER"]
[SourceTitle "EXT 2007"]
[Source "ChessBase"]
[SourceDate "2006.11.23"]
[SourceVersion "1"]
[SourceVersionDate "2006.11.23"]
[SourceQuality "1"]

1. d4 Nf6 2. Nf3 g6 3. Bg5 Bg7 4. Nbd2 d6 5. e4 h6 6. Bf4 Nbd7 7. h3 c5 8. c3 0-0 9. d5 Re8 10. Bd3 Nh5 11. Bh2 Ne5 12. Be2 Nxf3+ 13. Bxf3 Nf6 14. 0-0 e6 15. dxe6 fxe6 16. e5 dxe5 17. Qc2 e4 18. Nxe4 Nxe4 19. Qxe4 Qf6 20. Rad1 e5 21. Qd5+ Kh8 22. Qxc5 Bxh3 23. Bxb7 Rab8 24. Bc6 Rbc8 25. Qe3 Rxc6 26. Qxh3 Rd6 27. Qe3 Re7 28. Qc5 Rxd1 29. Rxd1 Kh7 30. Bg3 h5 31. Qc4 Bh6 32. Rd8 Rf7 33. Re8 Bf4 34. Bxf4 exf4 35. Qe4 Rd7 36. Qe2 Kh6 37. Re4 Qd8 38. Rxf4 Rd1+ 39. Kh2 Qd6 40. g3 Qd5 41. Re4 Kg7 42. Qf3 Qd7 43. Qe3 Qc6 44. Qxa7+ Kh6 45. Qe3+ Kg7 46. Qf3 1-0

[Event "Berlin op 04"]
[Site "Berlin"]
[Date "2006.04.22"]
[Round "9"]
[White "Federau, Juergen"]
[Black "Haemmerlein, Thomas"]
[Result "1-0"]
[WhiteElo "2217"]
[BlackElo "2211"]
[PlyCount "57"]
[EventDate "2006.04.14"]
[EventType "swiss"]
[EventRounds "9"]
[EventCountry "GER"]
[SourceTitle "EXT 2007"]
[Source "ChessBase"]
[SourceDate "2006.11.23"]
[SourceVersion "1"]
[SourceVersionDate "2006.11.23"]
[SourceQuality "1"]

1. d4 f5 2. Nf3 g6 3. g3 Nf6 4. Bg2 Bg7 5. 0-0 d6 6. b3 0-0 7. Bb2 Na6 8. c4 Ng4 9. h3 Nh6 10. Qd2 e6 11. Rd1 Nf7 12. b4 Qf6 13. b5 Nc5 14. Nc3 Ne4 15. Nxe4 fxe4 16. Nh2 h5 17. Rf1 Bh6 18. Qc3 e5 19. f3 exd4 20. Qxd4 Qxd4+ 21. Bxd4 Be6 22. f4 d5 23. cxd5 Bxd5 24. Rfc1 Nd6 25. a4 Nf5 26. Bf2 Bg7 27. Rab1 Nd4 28. Rxc7 Rac8 29. Rxg7+ 1-0

[Event "Berlin op 04"]
[Site "Berlin"]
[Date "2006.04.20"]
[Round "7"]
[White "Piz, Maxim"]
[Black "Haemmerlein, Thomas"]
[Result "0-1"]
[WhiteElo "2134"]
[BlackElo "2211"]
[PlyCount "122"]
[EventDate "2006.04.14"]
[EventType "swiss"]
[EventRounds "9"]
[EventCountry "GER"]
[SourceTitle "EXT 2007"]
[Source "ChessBase"]
[SourceDate "2006.11.23"]
[SourceVersion "1"]
[SourceVersionDate "2006.11.23"]
[SourceQuality "1"]

1. d4 Nf6 2. c4 g6 3. Nc3 d5 4. cxd5 Nxd5 5. e4 Nxc3 6. bxc3 Bg7 7. Bc4 0-0 8. Ne2 Nc6 9. Be3 b6 10. 0-0 Bb7 11. Qd2 Qd6 12. Rfd1 Rfd8 13. Bd3 Na5 14. Rac1 c5 15. d5 e6 16. c4 exd5 17. cxd5 Rac8 18. Nc3 Qd7 19. Bg5 Rf8 20. Bb5 Qd6 21. Bf4 Qd8 22. d6 a6 23. d7 Ra8 24. Bf1 Nc6 25. Bd6 Nd4 26. Bxf8 Kxf8 27. Bc4 Qxd7 28. Bd5 Re8 29. Bxb7 Qxb7 30. f3 Qc6 31. Nd5 Qd6 32. Rb1 b5 33. Kh1 h5 34. a4 Be5 35. axb5 axb5 36. f4 Bg7 37. Re1 f5 38. exf5 Rxe1+ 39. Rxe1 Qxd5 40. Qe3 Qd7 41. fxg6 Bf6 42. Qe4 Kg7 43. h3 b4 44. Kh2 h4 45. Ra1 Qe7 46. Qa8 Kxg6 47. Ra7 Qe2 48. Qg8+ Kf5 49. Qh7+ Kxf4 50. Qh6+ Ke5 51. Ra1 Nf3+ 52. Kh1 Ne1 53. Qg6 Qxg2+ 54. Qxg2 Nxg2 55. Kxg2 b3 56. Kf3 b2 57. Rb1 Kd5 58. Ke3 Kc4 59. Kd2 Kb3 60. Rf1 Bg5+ 61. Kd3 c4+ 0-1

[Event "Berlin op 04"]
[Site "Berlin"]
[Date "2006.04.16"]
[Round "3"]
[White "Schulz, Stefanie"]
[Black "Haemmerlein, Thomas"]
[Result "1-0"]
[WhiteElo "2086"]
[BlackElo "2211"]
[PlyCount "51"]
[EventDate "2006.04.14"]
[EventType "swiss"]
[EventRounds "9"]
[EventCountry "GER"]
[SourceTitle "EXT 2007"]
[Source "ChessBase"]
[SourceDate "2006.11.23"]
[SourceVersion "1"]
[SourceVersionDate "2006.11.23"]
[SourceQuality "1"]

1. e4 d6 2. g3 g6 3. Bg2 Bg7 4. c4 c6 5. Nc3 Nf6 6. Nge2 Nbd7 7. 0-0 0-0 8. d4 Qa5 9. h3 Rb8 10. Bd2 Qa6 11. b3 b5 12. cxb5 cxb5 13. a4 bxa4 14. Rxa4 Qb6 15. b4 a6 16. Be3 Qc7 17. Qd3 Nb6 18. Ra2 Qc4 19. Qb1 Qc7 20. Rc1 Qd8 21. Qb3 e5 22. d5 Nfd7 23. Na4 Bb7 24. Rac2 Rc8 25. b5 axb5 26. Nxb6 1-0

[Event "Berlin op 04"]
[Site "Berlin"]
[Date "2006.04.15"]
[Round "2"]
[White "Haemmerlein, Thomas"]
[Black "Schlemermeyer, Wilhelm"]
[Result "0-1"]
[WhiteElo "2211"]
[BlackElo "2297"]
[PlyCount "96"]
[EventDate "2006.04.14"]
[EventType "swiss"]
[EventRounds "9"]
[EventCountry "GER"]
[SourceTitle "EXT 2007"]
[Source "ChessBase"]
[SourceDate "2006.11.23"]
[SourceVersion "1"]
[SourceVersionDate "2006.11.23"]
[SourceQuality "1"]

1. e4 c5 2. Nf3 d6 3. c3 Nf6 4. Be2 Nbd7 5. d3 b6 6. b3 g6 7. 0-0 Bg7 8. Nbd2 Bb7 9. Re1 0-0 10. Bb2 Qc7 11. Bf1 a6 12. Rc1 Rac8 13. g3 Rfd8 14. d4 e6 15. Ng5 h6 16. Nh3 b5 17. f4 Qb6 18. Nf2 cxd4 19. cxd4 Rxc1 20. Qxc1 e5 21. Nf3 Rc8 22. Qd2 exf4 23. gxf4 d5 24. e5 Ne4 25. Nxe4 dxe4 26. Nh4 g5 27. Nf5 Bf8 28. Qe3 Qg6 29. Ng3 gxf4 30. Qxf4 Be7 31. Bg2 Rc2 32. Qf5 Qxf5 33. Nxf5 Bb4 34. Rc1 Rxb2 35. Rc7 Rb1+ 36. Bf1 Bd5 37. Rxd7 Be6 38. Rd8+ Kh7 39. Ng3 Bh3 40. Kf2 e3+ 41. Kxe3 Bxf1 42. Nxf1 Rxf1 43. Ra8 Re1+ 44. Kd3 Rd1+ 45. Ke3 Bc3 46. Rd8 b4 47. Rd7 Kg7 48. e6 Re1+ 0-1

[Event "Berlin Unicorn op"]
[Site "Berlin"]
[Date "2005.05.07"]
[Round "6"]
[White "Haemmerlein, Thomas"]
[Black "Reichenbach, Werner"]
[Result "1/2-1/2"]
[WhiteElo "2166"]
[BlackElo "2317"]
[PlyCount "132"]
[EventDate "2005.05.04"]
[EventType "swiss"]
[EventRounds "7"]
[EventCountry "GER"]
[SourceTitle "CBM 106 Extra"]
[Source "ChessBase"]
[SourceDate "2005.07.01"]
[SourceVersion "1"]
[SourceVersionDate "2005.07.01"]
[SourceQuality "1"]

1. e4 g6 2. d4 Bg7 3. Nf3 d6 4. c4 Nf6 5. Nc3 0-0 6. Be2 e5 7. 0-0 Nc6 8. d5 Ne7 9. b4 a5 10. bxa5 c5 11. dxc6 bxc6 12. Bg5 Be6 13. a6 h6 14. Bxf6 Bxf6 15. Qd2 Kg7 16. Rfd1 Qa5 17. Rac1 Rfd8 18. Qc2 Bc8 19. Rd2 Bxa6 20. Rcd1 Nc8 21. h3 Ra7 22. g4 Bg5 23. Nxg5 hxg5 24. Qc1 Rh8 25. Bf1 Rd7 26. Nb1 c5 27. Nc3 Rhd8 28. a4 f6 29. Qa1 Ra7 30. Ra2 Nb6 31. Nb5 Bxb5 32. cxb5 Kf8 33. h4 gxh4 34. g5 Rh7 35. Qc1 h3 36. Kh2 Kf7 37. Bc4+ Ke7 38. gxf6+ Kxf6 39. f4 Kg7 40. fxe5 Qb4 41. Rc2 Nxc4 42. Rxc4 Qb3 43. exd6 Kg8 44. Qc2 Qf3 45. e5 Qf7 46. Rg4 Kh8 47. Qe2 Qe6 48. Re1 Rf8 49. Qe4 Qa2+ 50. Kg1 Rhf7 51. Rh4+ Kg7 52. Rxh3 Qf2+ 53. Kh1 Qd2 54. Rg1 Rf5 55. Qg4 Qd5+ 56. Rg2 Rf1+ 57. Kh2 Qxe5+ 58. Qg3 Qe6 59. d7 Rd1 60. Qc3+ Rf6 61. Rf2 Qd6+ 62. Kg2 Qd5+ 63. Rhf3 Qg5+ 64. Rg3 Qd5+ 65. Rgf3 Qg5+ 66. Rg3 Qd5+ 1/2-1/2